[Event "7. Torneo IRT Móstoles 2014"]
[Site "Mostoles ESP"]
[Date "2014.07.20"]
[Round "5.9"]
[White "Sotoca Aguado, Jose"]
[Black "Lopez De Turiso, Jose Angel"]
[Result "1/2-1/2"]
[WhiteElo "1933"]
[BlackElo "2165"]
[PlyCount "149"]
[EventDate "2014.07.16"]
[EventType "swiss"]
[EventRounds "9"]
[EventCountry "ESP"]
[Source "lmi"]
[SourceDate "2014.07.16"]

1. e4 e6 2. d4 d5 3. Nc3 dxe4 4. Nxe4 Nf6 5. Bg5 Be7 6. Bxf6 gxf6 7. Nf3 f5 8.
Nc5 b6 9. Nb3 Bb7 10. Ne5 O-O 11. Bc4 Bf6 12. Qe2 Qe7 13. O-O-O a5 14. f4 a4
15. Nd2 Nc6 16. Ndf3 Na5 17. Bd3 c5 18. Bb5 a3 19. b3 Rfd8 20. Qe3 Rac8 21.
dxc5 Rxc5 22. Rxd8+ Qxd8 23. Rd1 Qc8 24. Nd4 Be4 25. Rd2 Rc3 26. Qe2 Nxb3+ 27.
axb3 a2 28. Kb2 Qc5 29. Kxa2 Be7 30. Nc4 Rxc4 31. Qxc4 Qa3+ 32. Kb1 Bb4 33. Re2
Bd5 34. Qd3 Qa5 35. c4 Be4 36. Rxe4 fxe4 37. Qxe4 Bc3 38. Nc2 Bf6 39. b4 Qa7
40. g4 Qc7 41. g5 Bc3 42. c5 bxc5 43. Bd3 cxb4 44. Qxh7+ Kf8 45. g6 b3 46. Na3
Qxf4 47. Qxf7+ Qxf7 48. gxf7 Kxf7 49. Bc4 b2 50. Nb5 Be5 51. h3 Kf6 52. Kc2 Kf5
53. Nc3 Bxc3 54. Ba2 Bd4 55. Kd3 e5 56. Bb1 Kf4 57. Bc2 Kg3 58. Ke4 Kxh3 59.
Kf3 Kh2 60. Bf5 Kg1 61. Ke2 Kg2 62. Bc2 Kg3 63. Bb1 Kf4 64. Bc2 e4 65. Bb1 Ke5
66. Bc2 Kd5 67. Kd2 Bf6 68. Ke3 Bg5+ 69. Ke2 Kd4 70. Bb1 Bc1 71. Ba2 Kc3 72.
Bb1 e3 73. Bf5 Kb3 74. Bb1 Ka3 75. Kd3 1/2-1/2

[Event "7. Torneo IRT Móstoles 2014"]
[Site "Mostoles ESP"]
[Date "2014.07.20"]
[Round "5.10"]
[White "Sanchez Naranjo, Jose Manuel"]
[Black "Mazo Fernandez, Roberto"]
[Result "1-0"]
[WhiteElo "2133"]
[BlackElo "1875"]
[PlyCount "109"]
[EventDate "2014.07.16"]
[EventType "swiss"]
[EventRounds "9"]
[EventCountry "ESP"]
[Source "lmi"]
[SourceDate "2014.07.16"]

1. Nf3 Nf6 2. g3 d5 3. Bg2 c6 4. O-O Bf5 5. d3 e6 6. Nbd2 Nbd7 7. Re1 Be7 8. b3
O-O 9. Bb2 Qc7 10. c4 Rad8 11. Qc2 h6 12. Nf1 Bb4 13. Bc3 Bxc3 14. Qxc3 Rfe8
15. Rad1 e5 16. cxd5 Nxd5 17. Qb2 Bh7 18. e4 N5f6 19. Ne3 Nc5 20. Qc3 Nfd7 21.
Nc4 f6 22. b4 Ne6 23. d4 exd4 24. Nxd4 Nxd4 25. Rxd4 Ne5 26. Red1 Nxc4 27.
Qxc4+ Kh8 28. Qc5 b6 29. Rxd8 Rxd8 30. Rxd8+ Qxd8 31. Qxc6 Qd1+ 32. Bf1 Qb1 33.
Qe8+ Bg8 34. a3 Kh7 35. Qb5 Qc1 36. Qd3 Bf7 37. Kg2 b5 38. Qe3 Qxe3 39. fxe3
Be8 40. Kf3 g5 41. Bh3 Kg7 42. Bc8 h5 43. h4 Bc6 44. Be6 Kf8 45. Bd5 Bd7 46. e5
Ke7 47. Ke4 fxe5 48. Kxe5 gxh4 49. gxh4 Be8 50. Bf3 Bg6 51. Bc6 Bd3 52. Kd4 Kd6
53. Kxd3 Kxc6 54. Ke4 Kd6 55. Kf5 1-0

[Event "7. Torneo IRT Móstoles 2014"]
[Site "Mostoles ESP"]
[Date "2014.07.21"]
[Round "6.1"]
[White "Cardenas Serrano, Sergio"]
[Black "Moreno Ibanez, Miguel"]
[Result "1-0"]
[WhiteElo "2073"]
[BlackElo "2175"]
[PlyCount "59"]
[EventDate "2014.07.16"]
[EventType "swiss"]
[EventRounds "9"]
[EventCountry "ESP"]
[Source "lmi"]
[SourceDate "2014.07.16"]

1. e4 g6 2. d4 d6 3. Nc3 Bg7 4. h3 Nd7 5. Nf3 a6 6. Bc4 e6 7. a4 b6 8. O-O Ne7
9. Bf4 h6 10. Qd2 Bb7 11. Rfe1 Kf8 12. Rad1 Kg8 13. Nh2 Nf6 14. e5 Nh5 15. Ng4
d5 16. Bd3 Nxf4 17. Qxf4 c5 18. Nf6+ Kf8 19. dxc5 bxc5 20. Nce4 dxe4 21. Bxe4
Qc8 22. Bxb7 Qxb7 23. Rd7 Qc8 24. Red1 Nf5 25. g4 Bxf6 26. exf6 g5 27. Qe5 Nd4
28. Qd6+ Kg8 29. Rxf7 Nf3+ 30. Kh1 1-0

[Event "7. Torneo IRT Móstoles 2014"]
[Site "Mostoles ESP"]
[Date "2014.07.21"]
[Round "6.2"]
[White "Cabanas Bravo, Juan Andres"]
[Black "De La Fuente Gonzalez, Francis"]
[Result "0-1"]
[WhiteElo "2064"]
[BlackElo "2213"]
[PlyCount "64"]
[EventDate "2014.07.16"]
[EventType "swiss"]
[EventRounds "9"]
[EventCountry "ESP"]
[Source "lmi"]
[SourceDate "2014.07.16"]

1. e4 c5 2. Nf3 e6 3. d4 cxd4 4. Nxd4 a6 5. Nc3 Qc7 6. Be3 Nf6 7. f3 b5 8. Qd2
Bb7 9. O-O-O Bb4 10. Nde2 Nc6 11. a3 Be7 12. Bf4 Ne5 13. Qd4 d6 14. Kb1 Rc8 15.
Nc1 O-O 16. N1a2 Rfd8 17. Be2 Nc4 18. Bxc4 Qxc4 19. Qa7 Qc7 20. Rd2 Nd7 21. Qf2
Nb6 22. Rhd1 Nc4 23. Rd3 Qa5 24. Nb4 d5 25. exd5 Bxb4 26. axb4 Qxb4 27. Bc1
Bxd5 28. Nxd5 exd5 29. Rxd5 Rxd5 30. Rxd5 Na3+ 31. Ka2 Qc4+ 32. Kxa3 Qa4# 0-1

[Event "7. Torneo IRT Móstoles 2014"]
[Site "Mostoles ESP"]
[Date "2014.07.21"]
[Round "6.3"]
[White "Renteria, Jorge"]
[Black "Navarro Moreno, Juan Carlos"]
[Result "1-0"]
[WhiteElo "2304"]
[BlackElo "1943"]
[PlyCount "65"]
[EventDate "2014.07.16"]
[EventType "swiss"]
[EventRounds "9"]
[EventCountry "ESP"]
[Source "lmi"]
[SourceDate "2014.07.16"]

1. e4 c5 2. Nf3 Nc6 3. d4 cxd4 4. Nxd4 a6 5. c4 g6 6. Be2 Bg7 7. Nc2 Nf6 8. Nc3
d6 9. O-O O-O 10. Bd2 Bd7 11. b3 Na7 12. Bf3 Qc8 13. Rc1 Nc6 14. a4 Ne5 15. Be2
Bc6 16. f3 e6 17. Be3 Nfd7 18. Nd4 Nf6 19. Qd2 Rd8 20. Bg5 Be8 21. f4 Qc5 22.
Kh1 Nc6 23. Nc2 Rd7 24. Qe1 h6 25. Bh4 Nh5 26. f5 Qe5 27. Ne3 Nf6 28. fxe6 Qxe6
29. Bxf6 Bxf6 30. Bg4 Bxc3 31. Qxc3 Qe5 32. Bxd7 Bxd7 33. Nd5 1-0

[Event "7. Torneo IRT Móstoles 2014"]
[Site "Mostoles ESP"]
[Date "2014.07.21"]
[Round "6.4"]
[White "Fuentes Arjona, Antonio"]
[Black "Sanchez Naranjo, Jose Manuel"]
[Result "0-1"]
[WhiteElo "2021"]
[BlackElo "2133"]
[PlyCount "91"]
[EventDate "2014.07.16"]
[EventType "swiss"]
[EventRounds "9"]
[EventCountry "ESP"]
[Source "lmi"]
[SourceDate "2014.07.16"]

1. e4 d6 2. d4 Nf6 3. Nc3 g6 4. f4 Bg7 5. Nf3 O-O 6. Be2 e6 7. O-O Nfd7 8. e5
dxe5 9. fxe5 c5 10. Bg5 Qa5 11. Ne4 cxd4 12. Be7 Re8 13. Nd6 Rxe7 14. Nxc8 Re8
15. Nd6 Rf8 16. Nxd4 Bxe5 17. Nc4 Qc5 18. Nxe5 Nxe5 19. c3 Nbc6 20. Kh1 Rad8
21. Nb3 Rxd1 22. Nxc5 Rxa1 23. Rxa1 b6 24. Ne4 Rd8 25. Bb5 h6 26. g4 Kg7 27. g5
hxg5 28. Nxg5 Rd2 29. Rf1 Ne7 30. Re1 Ng4 31. Re2 Rd5 32. Nxe6+ fxe6 33. Rxe6
Re5 34. Bd7 Rxe6 35. Bxe6 Ne5 36. a4 Kf6 37. Ba2 Nd3 38. b4 Ke5 39. Bb1 Nf4 40.
a5 Nfd5 41. axb6 axb6 42. Ba2 Nxc3 43. Bf7 Ncd5 44. b5 Nc7 45. Bc4 Kd4 46. Bf1
0-1

[Event "7. Torneo IRT Móstoles 2014"]
[Site "Mostoles ESP"]
[Date "2014.07.21"]
[Round "6.5"]
[White "Martos De La Vega, Alvar"]
[Black "Aziz Ortego, Omar Luis"]
[Result "0-1"]
[WhiteElo "1956"]
[BlackElo "2116"]
[PlyCount "20"]
[EventDate "2014.07.16"]
[EventType "swiss"]
[EventRounds "9"]
[EventCountry "ESP"]
[Source "lmi"]
[SourceDate "2014.07.16"]

1. d4 Nf6 2. c4 d6 3. Nc3 Nbd7 4. e4 e5 5. d5 Be7 6. Nge2 O-O 7. g3 Nb6 8. b3
Bg4 9. f3 Bxf3 10. Rg1 Nxe4 0-1

[Event "7. Torneo IRT Móstoles 2014"]
[Site "Mostoles ESP"]
[Date "2014.07.21"]
[Round "6.6"]
[White "Garcia-Ruiz Fuentes, Angel M"]
[Black "Ruiz Sanchez, Roberto"]
[Result "1-0"]
[WhiteElo "2059"]
[BlackElo "1937"]
[PlyCount "57"]
[EventDate "2014.07.16"]
[EventType "swiss"]
[EventRounds "9"]
[EventCountry "ESP"]
[Source "lmi"]
[SourceDate "2014.07.16"]

1. e4 c6 2. d4 d5 3. e5 Bf5 4. Nc3 e6 5. g4 Bg6 6. Nge2 c5 7. h4 h6 8. Be3 Nc6
9. dxc5 Nxe5 10. Nf4 Bh7 11. Bb5+ Nc6 12. Qe2 Nf6 13. O-O-O Qc7 14. g5 Nd7 15.
Nfxd5 Qa5 16. Nf4 O-O-O 17. g6 Bg8 18. Ne4 Qxa2 19. Bxc6 Qa1+ 20. Kd2 Ne5+ 21.
Nd6+ Rxd6+ 22. cxd6 Qa5+ 23. c3 Nxc6 24. Ke1 f6 25. b4 Qf5 26. b5 Ne5 27. c4
Nxg6 28. d7+ Kd8 29. Bxa7 1-0

[Event "7. Torneo IRT Móstoles 2014"]
[Site "Mostoles ESP"]
[Date "2014.07.21"]
[Round "6.7"]
[White "Gomez Ferrer, Jesus"]
[Black "Romero Gomez, Juan Carlos"]
[Result "1-0"]
[WhiteElo "2028"]
[BlackElo "1879"]
[PlyCount "69"]
[EventDate "2014.07.16"]
[EventType "swiss"]
[EventRounds "9"]
[EventCountry "ESP"]
[Source "lmi"]
[SourceDate "2014.07.16"]

1. c4 e6 2. Nc3 d5 3. d4 Nf6 4. Nf3 c6 5. g3 Be7 6. Bg2 O-O 7. O-O Nbd7 8. b3
b6 9. Bb2 Ba6 10. Nd2 Rc8 11. Re1 e5 12. dxe5 Nxe5 13. cxd5 cxd5 14. a3 d4 15.
Nce4 Ng6 16. Nxf6+ Bxf6 17. Ne4 Be5 18. f4 Bxf4 19. gxf4 Nxf4 20. Bf3 d3 21.
Be5 f5 22. Ng3 Ng6 23. Bb2 Rc2 24. Qb1 Nh4 25. Bh1 Qg5 26. exd3 Bxd3 27. Qd1
Rd2 28. Bc1 f4 29. Qxd2 Qc5+ 30. Qf2 Qg5 31. Bxf4 Rxf4 32. Re8+ Kf7 33. Qe3 Qf6
34. Bd5+ Kg6 35. Re6 1-0

[Event "7. Torneo IRT Móstoles 2014"]
[Site "Mostoles ESP"]
[Date "2014.07.21"]
[Round "6.8"]
[White "Longa Yauca, Javier"]
[Black "Sotoca Aguado, Jose"]
[Result "1/2-1/2"]
[WhiteElo "2320"]
[BlackElo "1933"]
[PlyCount "25"]
[EventDate "2014.07.16"]
[EventType "swiss"]
[EventRounds "9"]
[EventCountry "ESP"]
[Source "lmi"]
[SourceDate "2014.07.16"]

1. f3 e5 2. e3 d5 3. Ne2 Nf6 4. b3 Bd6 5. Bb2 O-O 6. c4 dxc4 7. bxc4 Be6 8. Ng3
c6 9. Be2 Nbd7 10. O-O Qc7 11. Nc3 Rad8 12. Qc1 a6 13. Ba3 1/2-1/2

[Event "7. Torneo IRT Móstoles 2014"]
[Site "Mostoles ESP"]
[Date "2014.07.21"]
[Round "6.9"]
[White "Caballero Gallego, Luis"]
[Black "Lopez De Turiso, Jose Angel"]
[Result "0-1"]
[WhiteElo "1916"]
[BlackElo "2165"]
[PlyCount "80"]
[EventDate "2014.07.16"]
[EventType "swiss"]
[EventRounds "9"]
[EventCountry "ESP"]
[Source "lmi"]
[SourceDate "2014.07.16"]

1. b3 e5 2. Bb2 d6 3. e3 Nd7 4. d4 g6 5. c4 Bg7 6. g3 f5 7. Bg2 Ne7 8. Ne2 O-O
9. O-O Qe8 10. Nbc3 a6 11. Qd2 g5 12. f4 Qh5 13. Rad1 Rb8 14. a4 h6 15. Ba3 e4
16. b4 Nb6 17. Qa2 Be6 18. d5 Bf7 19. a5 Nd7 20. c5 dxc5 21. bxc5 c6 22. Qd2
Bxd5 23. Nd4 Bc4 24. Rf2 Nf6 25. Bf1 Bf7 26. Na4 Nfd5 27. Nb2 gxf4 28. gxf4 Kh7
29. Kh1 Rg8 30. Rg2 Bf6 31. Nc4 Rxg2 32. Bxg2 Nc3 33. Rc1 Bxc4 34. Rxc3 Bd3 35.
Rc1 Nd5 36. Bb2 Rg8 37. Kg1 Qh3 38. Kh1 Qxe3 39. Qxe3 Nxe3 40. Nxf5 Bxb2 0-1

[Event "7. Torneo IRT Móstoles 2014"]
[Site "Mostoles ESP"]
[Date "2014.07.21"]
[Round "6.10"]
[White "Perez Cameselle, Francisco"]
[Black "Garcia Diaz, Victor"]
[Result "1/2-1/2"]
[WhiteElo "1899"]
[BlackElo "2151"]
[PlyCount "112"]
[EventDate "2014.07.16"]
[EventType "swiss"]
[EventRounds "9"]
[EventCountry "ESP"]
[Source "lmi"]
[SourceDate "2014.07.16"]

1. Nf3 b6 2. g3 Bb7 3. Bg2 g6 4. O-O Bg7 5. d3 Nh6 6. e4 O-O 7. Qe2 c5 8. Nbd2
e6 9. c3 d6 10. Re1 b5 11. a4 b4 12. c4 Nc6 13. Nb3 a5 14. Bg5 f6 15. Bf4 e5
16. Bd2 Bc8 17. Nh4 Bd7 18. Qf1 Qc8 19. f4 exf4 20. gxf4 f5 21. e5 Ng4 22. h3
Ngxe5 23. fxe5 Nxe5 24. Bxa8 Qxa8 25. Qg2 Bc6 26. Qg3 Be8 27. Bf4 Qd8 28. Nf3
Nf7 29. d4 cxd4 30. Nbxd4 Qb6 31. Be3 f4 32. Qxf4 Ne5 33. Qe4 Nxc4 34. Ne6 Qc6
35. Qxc6 Bxc6 36. Nxf8 Kxf8 37. Kf2 Bxb2 38. Ra2 Bc3 39. Bh6+ Kf7 40. Ng5+ Kf6
41. Ne4+ Bxe4 42. Rxe4 b3 43. Rae2 Ne5 44. Rxe5 dxe5 45. Bc1 Bd4+ 46. Kf3 Ke6
47. Ke4 Kd6 48. Bb2 Kc5 49. Bxd4+ exd4 50. Kd3 Kb4 51. Kxd4 Kxa4 52. Kc3 Ka3
53. Re1 Ka2 54. Re2+ Ka3 55. Re1 Ka2 56. Re2+ Ka3 1/2-1/2

[Event "7. Torneo IRT Móstoles 2014"]
[Site "Mostoles ESP"]
[Date "2014.07.22"]
[Round "7.1"]
[White "Sanchez Naranjo, Jose Manuel"]
[Black "Cardenas Serrano, Sergio"]
[Result "1/2-1/2"]
[WhiteElo "2133"]
[BlackElo "2073"]
[PlyCount "35"]
[EventDate "2014.07.16"]
[EventType "swiss"]
[EventRounds "9"]
[EventCountry "ESP"]
[Source "lmi"]
[SourceDate "2014.07.16"]

1. Nf3 Nf6 2. g3 g6 3. Bg2 Bg7 4. O-O O-O 5. c4 d6 6. Nc3 c6 7. d4 Qa5 8. d5 c5
9. Qc2 Na6 10. a3 Bd7 11. Bd2 Qd8 12. e4 Rb8 13. Nb5 Nc7 14. Nxc7 Qxc7 15. a4
b6 16. Rfe1 a6 17. Bc1 b5 18. axb5 1/2-1/2

[Event "7. Torneo IRT Móstoles 2014"]
[Site "Mostoles ESP"]
[Date "2014.07.22"]
[Round "7.2"]
[White "Moreno Ibanez, Miguel"]
[Black "Garcia-Ruiz Fuentes, Angel M"]
[Result "1-0"]
[WhiteElo "2175"]
[BlackElo "2059"]
[PlyCount "47"]
[EventDate "2014.07.16"]
[EventType "swiss"]
[EventRounds "9"]
[EventCountry "ESP"]
[Source "lmi"]
[SourceDate "2014.07.16"]

1. e4 c5 2. Nf3 d6 3. d4 cxd4 4. Nxd4 Nf6 5. Nc3 a6 6. Be2 g6 7. Be3 Bg7 8. g4
h5 9. gxh5 Nxh5 10. Rg1 Qa5 11. Rg5 Qb4 12. a3 Qb6 13. Bxh5 Rxh5 14. Rxh5 gxh5
15. Nd5 Qxb2 16. Rb1 Qxa3 17. Nc7+ Kd8 18. Nxa8 Bg4 19. Qd2 Nc6 20. Nxc6+ bxc6
21. Rb6 Qa1+ 22. Qc1 Bc3+ 23. Kf1 Qa4 24. Rb8+ 1-0

[Event "7. Torneo IRT Móstoles 2014"]
[Site "Mostoles ESP"]
[Date "2014.07.22"]
[Round "7.3"]
[White "De La Fuente Gonzalez, Francis"]
[Black "Gomez Ferrer, Jesus"]
[Result "1-0"]
[WhiteElo "2213"]
[BlackElo "2028"]
[PlyCount "119"]
[EventDate "2014.07.16"]
[EventType "swiss"]
[EventRounds "9"]
[EventCountry "ESP"]
[Source "lmi"]
[SourceDate "2014.07.16"]

1. Nf3 Nf6 2. c4 e6 3. g3 d5 4. Bg2 Be7 5. O-O O-O 6. b3 c5 7. Bb2 Nc6 8. cxd5
exd5 9. d4 cxd4 10. Nxd4 Bc5 11. Nxc6 bxc6 12. Qc2 Be7 13. Qxc6 Bg4 14. Qa6 Qd7
15. Nd2 Bh3 16. Rac1 Bxg2 17. Kxg2 h5 18. Nf3 Ne4 19. Qc6 Qf5 20. Nd4 Qg5 21.
f4 Qg6 22. Qxd5 Nf6 23. Qf5 Qh6 24. Nc6 Rae8 25. Nxe7+ Rxe7 26. Bxf6 Rxe2+ 27.
Rf2 Rxf2+ 28. Kxf2 Qxf6 29. Qxf6 gxf6 30. Rc6 Ra8 31. Rc7 Kg7 32. a4 a5 33. Rc5
Kg6 34. h4 f5 35. Ke3 Kf6 36. Kd4 Rg8 37. Rxa5 Rxg3 38. Ra6+ Ke7 39. b4 Rg4 40.
Ke5 Rxh4 41. Ra7+ Kd8 42. Rxf7 Rh1 43. Kxf5 h4 44. Rh7 h3 45. a5 Kc8 46. a6 Kb8
47. Kg4 Rb1 48. Rb7+ Ka8 49. Rh7 Rxb4 50. Rxh3 Ra4 51. Rh6 Kb8 52. Kg5 Kc7 53.
f5 Kd7 54. Rh7+ Kd6 55. a7 Ke5 56. Re7+ Kd6 57. f6 Ra3 58. Kg6 Rg3+ 59. Kf7 Ra3
60. Ke8 1-0

[Event "7. Torneo IRT Móstoles 2014"]
[Site "Mostoles ESP"]
[Date "2014.07.22"]
[Round "7.4"]
[White "Aziz Ortego, Omar Luis"]
[Black "Quintero Torres, Pedro"]
[Result "0-1"]
[WhiteElo "2116"]
[BlackElo "2014"]
[PlyCount "112"]
[EventDate "2014.07.16"]
[EventType "swiss"]
[EventRounds "9"]
[EventCountry "ESP"]
[Source "lmi"]
[SourceDate "2014.07.16"]

1. e4 c5 2. Nf3 e6 3. d4 cxd4 4. Nxd4 a6 5. Nc3 Nc6 6. Be3 Nf6 7. a3 d5 8. exd5
exd5 9. Be2 Be7 10. O-O O-O 11. Qd2 Be6 12. f4 Bg4 13. Bd3 Bc5 14. Qf2 Nxd4 15.
Bxd4 Bxd4 16. Qxd4 Bd7 17. f5 Bc6 18. g4 Ne4 19. Rf4 Qf6 20. Qxf6 Nxf6 21. Rd4
Rfe8 22. Rd1 h6 23. Bf1 Re5 24. Bg2 Rc8 25. Bf3 Kh7 26. Kf2 Ne4+ 27. Bxe4 dxe4
28. Ke3 g6 29. fxg6+ Kxg6 30. Rf1 f6 31. Rd6 Rf8 32. h4 Kg7 33. b3 h5 34. Ne2
hxg4 35. Nd4 Rf7 36. Kf4 e3 37. Nf5+ Rxf5+ 38. Kxf5 Bf3 39. Kf4 e2 40. Re1 Kg6
41. Rd3 Rc7 42. c3 Kh5 43. a4 Re7 44. Rxf3 gxf3 45. Kxf3 Kxh4 46. Kf2 Kg4 47.
b4 f5 48. a5 f4 49. Rg1+ Kf5 50. Ke1 f3 51. c4 Rd7 52. Kf2 Rd1 53. Re1 Rxe1 54.
Kxe1 Ke4 55. b5 Ke3 56. bxa6 f2# 0-1

[Event "7. Torneo IRT Móstoles 2014"]
[Site "Mostoles ESP"]
[Date "2014.07.22"]
[Round "7.5"]
[White "Lopez De Turiso, Jose Angel"]
[Black "Renteria, Jorge"]
[Result "0-1"]
[WhiteElo "2165"]
[BlackElo "2304"]
[PlyCount "60"]
[EventDate "2014.07.16"]
[EventType "swiss"]
[EventRounds "9"]
[EventCountry "ESP"]
[Source "lmi"]
[SourceDate "2014.07.16"]

1. d4 d6 2. c4 Nf6 3. Nc3 e5 4. Nf3 Nbd7 5. e3 c6 6. Be2 Be7 7. O-O O-O 8. b3
Re8 9. Bb2 e4 10. Nd2 d5 11. Rc1 a6 12. cxd5 cxd5 13. Na4 Bd6 14. Rc2 Qe7 15.
Qc1 Rb8 16. Nb1 b5 17. Nc5 Nf8 18. h3 Ng6 19. b4 Nh4 20. Nd2 Nd7 21. g3 Nb6 22.
Kh2 Nc4 23. Ndb3 Qg5 24. Rg1 Qh6 25. Qf1 Rb6 26. Bc1 Bb8 27. a3 Rf6 28. Bd1
Nf3+ 29. Bxf3 Rxf3 30. Rh1 Bxg3+ 0-1

[Event "7. Torneo IRT Móstoles 2014"]
[Site "Mostoles ESP"]
[Date "2014.07.22"]
[Round "7.6"]
[White "Martin Rodriguez, Emilio"]
[Black "Pinel Mirasierra, Jose Pablo"]
[Result "1/2-1/2"]
[WhiteElo "2087"]
[BlackElo "1950"]
[PlyCount "94"]
[EventDate "2014.07.16"]
[EventType "swiss"]
[EventRounds "9"]
[EventCountry "ESP"]
[Source "lmi"]
[SourceDate "2014.07.16"]

1. d4 d5 2. c4 e6 3. Nc3 Be7 4. Nf3 Nf6 5. Bg5 Nbd7 6. cxd5 Nxd5 7. Bxe7 Qxe7
8. e4 Nxc3 9. bxc3 c5 10. Bd3 O-O 11. O-O b6 12. e5 Bb7 13. Re1 Rfd8 14. Be4
Nf8 15. h4 Rac8 16. Qd2 cxd4 17. cxd4 Rc4 18. Rad1 Bxe4 19. Rxe4 Rdc8 20. Re2
Rd8 21. Qe3 Ng6 22. g3 Qb4 23. d5 Rc3 24. Qg5 Qe7 25. Qg4 Rxd5 26. Rxd5 exd5
27. e6 f6 28. Nd4 Ne5 29. Qf4 Rc4 30. Rxe5 fxe5 31. Qxe5 Rxd4 32. Qxd4 Qxe6 33.
Qf4 Qe1+ 34. Kh2 h6 35. h5 Qe2 36. Qf5 Qe4 37. Qd7 a5 38. Qd8+ Kh7 39. Qxb6 a4
40. Qc6 a3 41. Kg1 Qd3 42. Kg2 d4 43. Qd5 Kh8 44. Qd8+ Kh7 45. Qd5 Qc2 46. Qxd4
Qxa2 47. Qe4+ Kh8 1/2-1/2

[Event "7. Torneo IRT Móstoles 2014"]
[Site "Mostoles ESP"]
[Date "2014.07.22"]
[Round "7.7"]
[White "Alonso Abad, Enrique"]
[Black "Cabanas Bravo, Juan Andres"]
[Result "1/2-1/2"]
[WhiteElo "1939"]
[BlackElo "2064"]
[PlyCount "53"]
[EventDate "2014.07.16"]
[EventType "swiss"]
[EventRounds "9"]
[EventCountry "ESP"]
[Source "lmi"]
[SourceDate "2014.07.16"]

1. d4 Nf6 2. c4 g6 3. Nf3 Bg7 4. g3 O-O 5. Bg2 d5 6. cxd5 Nxd5 7. e4 Nb6 8. Nc3
Na6 9. O-O c5 10. d5 c4 11. Be3 Nb4 12. Qd2 Bg4 13. Ne1 Qc8 14. f3 Bh3 15. Rc1
Rd8 16. Bg5 Bxg2 17. Kxg2 Qd7 18. Rf2 Kf8 19. Bh6 Rac8 20. Bxg7+ Kxg7 21. b3 f6
22. Ne2 Na6 23. Nf4 Kh8 24. Nxg6+ hxg6 25. Qh6+ Kg8 26. Qxg6+ Kh8 27. Qh6+
1/2-1/2

[Event "7. Torneo IRT Móstoles 2014"]
[Site "Mostoles ESP"]
[Date "2014.07.22"]
[Round "7.8"]
[White "Pablos Tenrero, Raquel"]
[Black "Dominguez Alcon, Victor"]
[Result "1/2-1/2"]
[WhiteElo "1965"]
[BlackElo "2167"]
[PlyCount "61"]
[EventDate "2014.07.16"]
[EventType "swiss"]
[EventRounds "9"]
[EventCountry "ESP"]
[Source "lmi"]
[SourceDate "2014.07.16"]

1. e4 c5 2. Nf3 d6 3. d4 cxd4 4. Nxd4 Nf6 5. Nc3 g6 6. g3 Nc6 7. Nde2 Bg7 8.
Bg2 O-O 9. h3 Rb8 10. O-O b5 11. Nd5 Nd7 12. c3 e6 13. Ne3 Qe7 14. Nf4 b4 15.
Bd2 Ba6 16. Re1 Nc5 17. a3 b3 18. Rb1 Ne5 19. c4 Bxc4 20. Bc3 Ncd3 21. Nxd3
Nxd3 22. Bxg7 Kxg7 23. Re2 Bb5 24. Rd2 Rfc8 25. Qxb3 Nc5 26. Qc3+ e5 27. Nd5
Qb7 28. Qf3 Nd7 29. Ne3 Rc6 30. Rbd1 Ba6 31. h4 1/2-1/2

[Event "7. Torneo IRT Móstoles 2014"]
[Site "Mostoles ESP"]
[Date "2014.07.22"]
[Round "7.9"]
[White "Garcia Diaz, Victor"]
[Black "Sotoca Aguado, Jose"]
[Result "1-0"]
[WhiteElo "2151"]
[BlackElo "1933"]
[PlyCount "72"]
[EventDate "2014.07.16"]
[EventType "swiss"]
[EventRounds "9"]
[EventCountry "ESP"]
[Source "lmi"]
[SourceDate "2014.07.16"]

1. e4 e6 2. d4 d5 3. Nc3 dxe4 4. Nxe4 Nf6 5. Nxf6+ gxf6 6. Nf3 c5 7. Be3 cxd4
8. Nxd4 e5 9. Nb5 a6 10. Qxd8+ Kxd8 11. Bb6+ Kd7 12. Nc7 Kc6 13. Nxa8 Be6 14.
Ba5 Nd7 15. Nc7 Bf5 16. Nxa6 bxa6 17. Bxa6 Bc5 18. a4 Rg8 19. Bb5+ Kb7 20. g3
Nb8 21. Bc4 Be4 22. O-O Nc6 23. Bc3 Bf3 24. Bxf7 Rg7 25. Be6 h5 26. Rfd1 Nd4
27. Bxd4 exd4 28. Bh3 Ka6 29. Bg2 Be2 30. Bf1 Bxf1 31. Kxf1 Rb7 32. b3 Ka5 33.
Rd3 Kb4 34. a5 Rh7 35. a6 Ba7 36. Rf3 h4 1-0

[Event "7. Torneo IRT Móstoles 2014"]
[Site "Mostoles ESP"]
[Date "2014.07.22"]
[Round "7.10"]
[White "Rodriguez De Castro, Ayar"]
[Black "Campos Palacios, Daniel"]
[Result "1-0"]
[WhiteElo "2123"]
[BlackElo "1917"]
[PlyCount "79"]
[EventDate "2014.07.16"]
[EventType "swiss"]
[EventRounds "9"]
[EventCountry "ESP"]
[Source "lmi"]
[SourceDate "2014.07.16"]

1. d4 Nf6 2. c4 e6 3. g3 Bb4+ 4. Bd2 c5 5. Bxb4 cxb4 6. Bg2 O-O 7. Nf3 d6 8.
O-O Nc6 9. Nbd2 e5 10. d5 Nb8 11. e4 Na6 12. a3 bxa3 13. Rxa3 Nc5 14. Qb1 b6
15. b4 Nb7 16. Qc2 Bg4 17. c5 Bxf3 18. Nxf3 bxc5 19. bxc5 Qe7 20. c6 Nc5 21.
Nd2 Qc7 22. Nc4 Rad8 23. Rfa1 a6 24. Rc3 Ne6 25. dxe6 fxe6 26. Rxa6 d5 27. Nd2
h6 28. Rb3 Rb8 29. Qc5 Rxb3 30. Nxb3 dxe4 31. Ra7 Qd8 32. Qc2 e3 33. fxe3 Qb6
34. Rb7 Qxe3+ 35. Qf2 Qc3 36. c7 Ng4 37. Qd2 Qc4 38. Qc1 Qe2 39. c8=Q Qf2+ 40.
Kh1 1-0

[Event "7. Torneo IRT Móstoles 2014"]
[Site "Mostoles ESP"]
[Date "2014.07.23"]
[Round "8.1"]
[White "Quintero Torres, Pedro"]
[Black "Moreno Ibanez, Miguel"]
[Result "0-1"]
[WhiteElo "2014"]
[BlackElo "2175"]
[PlyCount "90"]
[EventDate "2014.07.16"]
[EventType "swiss"]
[EventRounds "9"]
[EventCountry "ESP"]
[Source "lmi"]
[SourceDate "2014.07.16"]

1. d4 Nf6 2. Nf3 g6 3. g3 Bg7 4. Bg2 O-O 5. O-O d6 6. c4 c6 7. Nc3 Qa5 8. e4
Bg4 9. h3 Bxf3 10. Bxf3 Nbd7 11. Bf4 e5 12. dxe5 dxe5 13. Be3 Rfd8 14. Qa4 Qc7
15. Rad1 Bf8 16. Bg5 Nc5 17. Qc2 Be7 18. Bxf6 Bxf6 19. Rxd8+ Rxd8 20. Rd1 Ne6
21. Rxd8+ Bxd8 22. Qd3 Qe7 23. Bg4 Nc5 24. Qc2 h5 25. Bf3 Ne6 26. Ne2 Bb6 27.
Bg2 h4 28. g4 Qf6 29. Nc1 Kg7 30. Nd3 Bd4 31. b3 Ng5 32. Qe2 b6 33. Qd1 a5 34.
Qe2 Qd6 35. Kh2 Ne6 36. Kh1 Qa3 37. Qc2 f6 38. Kg1 Qd6 39. Kh1 Bc5 40. Kh2 Qd4
41. Bf3 Ng5 42. Ne1 Qxf2+ 43. Qxf2 Bxf2 44. Nd3 Nxf3+ 45. Kg2 Ne1+ 0-1

[Event "7. Torneo IRT Móstoles 2014"]
[Site "Mostoles ESP"]
[Date "2014.07.23"]
[Round "8.2"]
[White "Renteria, Jorge"]
[Black "Cardenas Serrano, Sergio"]
[Result "1-0"]
[WhiteElo "2304"]
[BlackElo "2073"]
[PlyCount "113"]
[EventDate "2014.07.16"]
[EventType "swiss"]
[EventRounds "9"]
[EventCountry "ESP"]
[Source "lmi"]
[SourceDate "2014.07.16"]

1. d4 Nf6 2. c4 e6 3. Nc3 Bb4 4. e3 c5 5. Bd3 Nc6 6. Nge2 cxd4 7. exd4 d5 8.
O-O dxc4 9. Bxc4 O-O 10. a3 Be7 11. Qd3 b6 12. Rd1 Bb7 13. Qg3 Bd6 14. Qh3 Ne7
15. Bg5 Ng6 16. d5 Qc8 17. dxe6 Bxh2+ 18. Qxh2 Qxc4 19. Bxf6 gxf6 20. Rd7 Bc8
21. Rxf7 Rxf7 22. exf7+ Qxf7 23. Rd1 Be6 24. Qg3 Kh8 25. Qe3 Rg8 26. Rd6 Re8
27. Qd4 Bc4 28. Rd7 Qe6 29. Rxa7 Ne5 30. Qh4 Re7 31. Ra8+ Kg7 32. Nd4 Qd7 33.
Ne4 Ng4 34. Ra7 Qxa7 35. Qxg4+ Kh8 36. Qc8+ Bg8 37. Nc6 Qa4 38. Nxe7 Qd1+ 39.
Kh2 Qh5+ 40. Qh3 Qe5+ 41. Ng3 Qxe7 42. Qc8 Qe5 43. b4 h5 44. Qf5 Qxf5 45. Nxf5
Be6 46. Nd4 Bd7 47. Ne2 Kg7 48. Kg3 Bc6 49. f3 Kh6 50. Kf4 Kg6 51. Nc3 Bb7 52.
g3 Bc6 53. a4 Bd7 54. a5 bxa5 55. bxa5 Bc8 56. Ne4 Ba6 57. Nc5 1-0